000 00682nam a22002177a 4500
003 DO-SdBNP
005 20211123084042.0
007 ta
008 211123b2019 dr a|||| |||| 00| p spa d
020 _a9789945614213
040 _aDO-SdBNP
_bspa
_cBNPHU
100 1 _aFernández, Papo,
_d1963-
_972877
245 1 0 _aVolver al poema /
_cPapo Fernández ; prólogo J. R. Orlando Reyes.
260 _aSanto Domingo :
_bSantuario,
_c2019.
300 _a81 p. :
_bil. ;
_c23 cm.
500 _aIncluye datos biográficos del autor en las solapas
590 _aInventariado, 2021 /LP
700 1 _aReyes, J. R. Orlando,
_eprólogo
_980708
910 _aLopérez.
942 _2ddc
_cLBS1
999 _c51019
_d51019